[Event "Pilsen Open 2024 - A2 INGEM IM Round Robin"]
[Site "Parkhotel Plzen ****, Plzen"]
[Date "2024.02.20"]
[Round "5"]
[Board "2"]
[White "Babula, Milan"]
[Black "Rasmussen, Casper"]
[Result "1/2-1/2"]
[WhiteElo "2103"]
[BlackElo "2239"]
[PlyCount "159"]
[EventDate "2024.02.17"]
[EventRounds "9"]
[EventCountry "CZE"]

1. e4 e5 2. Nf3 Nf6 3. Nxe5 d6 4. Nc4 Nxe4 5. Qe2 Qe7 6. Nc3 Nxc3 7. dxc3 Be6 8.
Be3 Nc6 9. O-O-O O-O-O 10. Kb1 d5 11. Nd2 d4 12. cxd4 Nxd4 13. Bxd4 Rxd4 14. Nb3
Rxd1+ 15. Qxd1 Qf6 16. Qd4 Bxb3 17. Qxf6 Bxa2+ 18. Kxa2 gxf6 19. Bd3 Bd6 20. Re1
h5 21. h4 Bc5 22. Re2 Rg8 23. f3 Bd6 24. g4 Kd8 25. Re4 f5 26. gxf5 Rg3 27. Bc4 Rxf3
28. Bxf7 Rxf5 29. Bg6 Rb5 30. c4 Ra5+ 31. Kb3 Be5 32. Kc2 Bf6 33. b4 Ra2+ 34. Kb3
Rb2+ 35. Ka3 Rh2 36. Bxh5 Bxh4 37. Rd4+ Ke7 38. Bg4 Bg3 39. c5 Be5 40. Re4 Kf6 41.
Bc8 b6 42. cxb6 axb6 43. b5 Bd6+ 44. Kb3 Rh8 45. Bd7 Ra8 46. Kb2 Be5+ 47. Kb3 Ra1
48. Kc2 Ra3 49. Rc4 Ke7 50. Bc6 Kd6 51. Kd2 Ke6 52. Kc2 Bd6 53. Re4+ Kf5 54. Rc4
Bc5 55. Rh4 Rg3 56. Rc4 Kg5 57. Kb2 Rd3 58. Kc2 Rd6 59. Re4 Kf5 60. Rh4 Rf6 61. Rc4
Bd6 62. Kd3 Bf4 63. Bd7+ Kg5 64. Bc6 Kg4 65. Re4 Kg3 66. Re2 Bd6 67. Rg2+ Kh3 68.
Rg8 Bf8 69. Bd7+ Kh4 70. Ke4 Kh5 71. Bf5 Bd6 72. Bg4+ Kh6 73. Bf5 Rf7 74. Rh8+ Kg5
75. Rg8+ Kf6 76. Rg6+ Ke7 77. Re6+ Kd8 78. Rg6 Re7+ 79. Re6 Rxe6+ 80. Bxe6  1/2-1/2

[Event "Pilsen Open 2024 - A2 INGEM IM Round Robin"]
[Site "Parkhotel Plzen ****, Plzen"]
[Date "2024.02.20"]
[Round "5"]
[Board "3"]
[White "Kuegel, Tobias"]
[Black "Meers, Hubert"]
[Result "1/2-1/2"]
[WhiteElo "2422"]
[BlackElo "2270"]
[PlyCount "41"]
[EventDate "2024.02.17"]
[EventRounds "9"]
[EventCountry "CZE"]

1. e4 c6 2. Nc3 d5 3. Nf3 dxe4 4. Nxe4 Nf6 5. Qe2 Nxe4 6. Qxe4 Qd5 7. Qh4 Qe6+ 8.
Be2 Qg4 9. Qg3 g6 10. Ng5 Qxg3 11. hxg3 f6 12. Nf3 Bg7 13. d4 Bf5 14. c3 Nd7 15.
Bh6 Kf8 16. O-O-O Bxh6+ 17. Rxh6 Kg7 18. Rhh1 Rad8 19. Rhe1 e5 20. dxe5 Nxe5 21.
Rxd8  1/2-1/2

[Event "Pilsen Open 2024 - A2 INGEM IM Round Robin"]
[Site "Parkhotel Plzen ****, Plzen"]
[Date "2024.02.20"]
[Round "5"]
[Board "4"]
[White "Plischki, Sebastian"]
[Black "Pujari, Rucha"]
[Result "0-1"]
[WhiteElo "2329"]
[BlackElo "2071"]
[PlyCount "68"]
[EventDate "2024.02.17"]
[EventRounds "9"]
[EventCountry "CZE"]

1. d4 d5 2. c4 e6 3. Nc3 Nf6 4. cxd5 exd5 5. Bg5 c6 6. e3 Bd6 7. Bd3 O-O 8. Qc2 h6
9. Bh4 Re8 10. Nge2 a5 11. h3 Na6 12. a3 Nc7 13. O-O Ne6 14. Rad1 Be7 15. f3 b5 16.
Bf2 Nh5 17. g4 Bd6 18. Kg2 Nf6 19. e4 dxe4 20. fxe4 Bb7 21. Be3 b4 22. axb4 axb4
23. Na4 c5 24. dxc5 Rc8 25. Ng3 Bxg3 26. Kxg3 Qc7+ 27. Kg2 Rcd8 28. c6 Rxd3 29. Qxd3
Bxc6 30. Rxf6 gxf6 31. b3 Nf4+ 32. Bxf4 Qxf4 33. Nc5 Rxe4 34. Kg1 Re3  0-1

[Event "Pilsen Open 2024 - A2 INGEM IM Round Robin"]
[Site "Parkhotel Plzen ****, Plzen"]
[Date "2024.02.20"]
[Round "5"]
[Board "5"]
[White "Pribyl, Josef"]
[Black "Van der Hagen, Loek"]
[Result "1/2-1/2"]
[WhiteElo "2221"]
[BlackElo "2382"]
[PlyCount "86"]
[EventDate "2024.02.17"]
[EventRounds "9"]
[EventCountry "CZE"]

1. d4 Nf6 2. Nf3 g6 3. g3 Bg7 4. Bg2 d6 5. O-O O-O 6. Nc3 Nbd7 7. e4 e5 8. h3 c6
9. a4 a5 10. Re1 Re8 11. b3 Qc7 12. Ba3 exd4 13. Nxd4 Nc5 14. Qd2 Bd7 15. Rad1 Rad8
16. Re2 Bc8 17. Qf4 Nh5 18. Qd2 Nf6 19. Qf4 Nfd7 20. Red2 b6 21. Nde2 Be5 22. Qe3
Nf8 23. f4 Bg7 24. Qf3 Ba6 25. h4 h5 26. Kh2 Nh7 27. Kg1 Nf6 28. e5 dxe5 29. Qxc6
Qxc6 30. Bxc6 Rxd2 31. Rxd2 Re6 32. Bb5 Bxb5 33. axb5 Nce4 34. Rd8+ Kh7 35. Nd5 Nxd5
36. Rxd5 exf4 37. Nxf4 Re8 38. Rd7 Nxg3 39. Rxf7 Kg8 40. Rd7 Ne2+ 41. Nxe2 Rxe2 42.
c4 Re3 43. Rd8+ Kh7  1/2-1/2

[Event "Pilsen Open 2024 - A2 INGEM IM Round Robin"]
[Site "Parkhotel Plzen ****, Plzen"]
[Date "2024.02.21"]
[Round "6"]
[Board "1"]
[White "Stinka, Jakub"]
[Black "Van der Hagen, Loek"]
[Result "1/2-1/2"]
[WhiteElo "2333"]
[BlackElo "2382"]
[PlyCount "90"]
[EventDate "2024.02.17"]
[EventRounds "9"]
[EventCountry "CZE"]

1. Nf3 Nf6 2. c4 e6 3. d4 d5 4. Nc3 Bb4 5. g3 O-O 6. Bg2 c5 7. O-O cxd4 8. Nxd4 dxc4
9. Ndb5 Nc6 10. Bf4 e5 11. Qxd8 Rxd8 12. Bg5 Be6 13. Nc7 Rac8 14. Nxe6 fxe6 15. Rfd1
h6 16. Rxd8+ Rxd8 17. Bxf6 gxf6 18. Bxc6 bxc6 19. Na4 Rd2 20. a3 Ba5 21. Rc1 c3 22.
b4 c2 23. Kg2 Bb6 24. Nxb6 axb6 25. Kf3 Kf7 26. Ke3 Rd6 27. Rxc2 f5 28. f4 exf4+
29. gxf4 c5 30. bxc5 bxc5 31. Rxc5 Ra6 32. Rc3 Ra4 33. Kf3 e5 34. fxe5 Ke6 35. Rc6+
Kxe5 36. Rxh6 Rxa3+ 37. e3 Ra1 38. Rh8 Kf6 39. h4 Ra4 40. Rf8+ Ke7 41. Rxf5 Rxh4
42. Ra5 Ke6 43. e4 Rh3+ 44. Kf4 Rh4+ 45. Ke3 Rh1  1/2-1/2

[Event "Pilsen Open 2024 - A2 INGEM IM Round Robin"]
[Site "Parkhotel Plzen ****, Plzen"]
[Date "2024.02.21"]
[Round "6"]
[Board "2"]
[White "Pujari, Rucha"]
[Black "Pribyl, Josef"]
[Result "1-0"]
[WhiteElo "2071"]
[BlackElo "2221"]
[PlyCount "53"]
[EventDate "2024.02.17"]
[EventRounds "9"]
[EventCountry "CZE"]

1. d4 Nf6 2. c4 g6 3. Nf3 Bg7 4. g3 O-O 5. Bg2 d5 6. O-O dxc4 7. Na3 Nc6 8. Nxc4
Be6 9. b3 a5 10. Bb2 a4 11. Ng5 Bd7 12. d5 Nb8 13. e4 h6 14. Nxf7 Rxf7 15. e5 Bb5
16. exf6 exf6 17. Re1 Nd7 18. d6 c6 19. Na3 Ba6 20. b4 Bf8 21. b5 cxb5 22. Qg4 Kh7
23. Qe6 Rg7 24. Rad1 Rc8 25. Rd4 Nc5 26. Qe3 b4 27. Qxh6+  1-0

[Event "Pilsen Open 2024 - A2 INGEM IM Round Robin"]
[Site "Parkhotel Plzen ****, Plzen"]
[Date "2024.02.21"]
[Round "6"]
[Board "3"]
[White "Meers, Hubert"]
[Black "Plischki, Sebastian"]
[Result "1/2-1/2"]
[WhiteElo "2270"]
[BlackElo "2329"]
[PlyCount "85"]
[EventDate "2024.02.17"]
[EventRounds "9"]
[EventCountry "CZE"]

1. e4 c5 2. Nf3 e6 3. b3 a6 4. Bb2 Nc6 5. c4 Nf6 6. Nc3 e5 7. d3 d6 8. h3 g6 9. g3
Bg7 10. Bg2 O-O 11. O-O Rb8 12. Qd2 b5 13. Nd5 b4 14. Kh2 Nxd5 15. exd5 Ne7 16. Nh4
h6 17. f4 exf4 18. gxf4 Nf5 19. Nxf5 Bxf5 20. Be4 Qd7 21. Rf3 Rbe8 22. Re1 Bxb2 23.
Qxb2 Qe7 24. Ree3 Qh4 25. Qe2 Bg4 26. Qf2 Qxf2+ 27. Rxf2 Bc8 28. Rfe2 f5 29. Bf3
Rxe3 30. Rxe3 Kf7 31. Kg3 Bd7 32. Re1 Re8 33. Rxe8 Bxe8 34. h4 Kf6 35. Be2 a5 36.
Bd1 g5 37. Be2 a4 38. Bd1 a3 39. Be2 gxf4+ 40. Kxf4 Bd7 41. Bh5 Ba4 42. Bd1 Bd7 43.
Bh5  1/2-1/2

[Event "Pilsen Open 2024 - A2 INGEM IM Round Robin"]
[Site "Parkhotel Plzen ****, Plzen"]
[Date "2024.02.21"]
[Round "6"]
[Board "4"]
[White "Rasmussen, Casper"]
[Black "Kuegel, Tobias"]
[Result "1/2-1/2"]
[WhiteElo "2239"]
[BlackElo "2422"]
[PlyCount "52"]
[EventDate "2024.02.17"]
[EventRounds "9"]
[EventCountry "CZE"]

1. d4 Nf6 2. Nf3 d5 3. c4 e6 4. g3 Be7 5. Bg2 O-O 6. O-O dxc4 7. Qc2 a6 8. a4 Bd7
9. Qxc4 Bc6 10. Bg5 Bd5 11. Qc2 Be4 12. Qc4 Bd5 13. Qc2 Be4 14. Qc1 h6 15. Bxf6 Bxf6
16. Rd1 Nc6 17. Nc3 Bxf3 18. Bxf3 Nxd4 19. Bxb7 Ra7 20. Bg2 Qb8 21. Rb1 Qb4 22. e3
Nb3 23. Qc2 c5 24. Ne4 Be7 25. Bf1 Rb8 26. Nd2 Nxd2  1/2-1/2

[Event "Pilsen Open 2024 - A2 INGEM IM Round Robin"]
[Site "Parkhotel Plzen ****, Plzen"]
[Date "2024.02.21"]
[Round "6"]
[Board "5"]
[White "Imnadze, Nato"]
[Black "Babula, Milan"]
[Result "1-0"]
[WhiteElo "2228"]
[BlackElo "2103"]
[PlyCount "77"]
[EventDate "2024.02.17"]
[EventRounds "9"]
[EventCountry "CZE"]

1. d4 Nf6 2. Nf3 g6 3. Bf4 Bg7 4. Nc3 d5 5. Qd2 Ne4 6. Nxe4 dxe4 7. Ne5 f6 8. Nc4
Be6 9. e3 O-O 10. Be2 b6 11. h4 Bf7 12. h5 g5 13. h6 Bh8 14. Bg3 Nd7 15. O-O c6 16.
Rad1 Qe8 17. c3 Bd5 18. f4 Qg6 19. f5 Qxh6 20. Qc2 Rfe8 21. Nd2 e5 22. fxe6 Bxe6
23. Nxe4 Qg7 24. Nd6 Red8 25. Nf5 Bxf5 26. Bc4+ Kf8 27. Qxf5 Ke8 28. e4 Nf8 29. e5
Qg6 30. Qf3 f5 31. Qxf5 Qxf5 32. Rxf5 h6 33. Rdf1 Bg7 34. Rf7 Rd7 35. e6 Rxf7 36.
Rxf7 Bh8 37. Bd6 Ng6 38. Bd3 Rd8 39. Bxg6  1-0

[Event "Pilsen Open 2024 - A2 INGEM IM Round Robin"]
[Site "Parkhotel Plzen ****, Plzen"]
[Date "2024.02.22"]
[Round "7"]
[Board "1"]
[White "Babula, Milan"]
[Black "Stinka, Jakub"]
[Result "0-1"]
[WhiteElo "2103"]
[BlackElo "2333"]
[PlyCount "108"]
[EventDate "2024.02.17"]
[EventRounds "9"]
[EventCountry "CZE"]

1. e4 c5 2. Nf3 Nc6 3. b3 d6 4. Bb2 e5 5. Bb5 Nf6 6. Nc3 Be7 7. Qe2 O-O 8. Bxc6 bxc6
9. Nd1 a5 10. d3 a4 11. O-O Nh5 12. Ne3 Nf4 13. Qd2 f5 14. Nxf5 Bxf5 15. exf5 Rxf5
16. g3 a3 17. Bc1 Nh3+ 18. Kg2 Qd7 19. Ng1 Ng5 20. Qe2 Ne6 21. Be3 Raf8 22. Rae1
Bd8 23. c3 Qf7 24. f3 Qg6 25. Rf2 Ba5 26. Qc2 h5 27. Kf1 Bd8 28. Qc1 R5f7 29. Ke2
d5 30. Qc2 h4 31. g4 Bg5 32. Kd1 e4 33. dxe4 dxe4 34. Bxg5 Nxg5 35. h3 Qh6 36. f4
Rxf4 37. Rxf4 Rxf4 38. Qd2 Qf6 39. Ne2 Rf2 40. Qd7 Kh7 41. Qe8 Qg6 42. Qe7 Nf3 43.
Nf4 Qf6 44. Qxe4+ g6 45. Re3 Ng5 46. Qe7+ Qxe7 47. Rxe7+ Kh6 48. Ne2 Nxh3 49. Ra7
Nf4 50. Nxf4 Rxf4 51. Rxa3 h3 52. Ra8 Kg7 53. Ke2 h2 54. Ke3 Rf7  0-1

[Event "Pilsen Open 2024 - A2 INGEM IM Round Robin"]
[Site "Parkhotel Plzen ****, Plzen"]
[Date "2024.02.22"]
[Round "7"]
[Board "2"]
[White "Kuegel, Tobias"]
[Black "Imnadze, Nato"]
[Result "1-0"]
[WhiteElo "2422"]
[BlackElo "2228"]
[PlyCount "109"]
[EventDate "2024.02.17"]
[EventRounds "9"]
[EventCountry "CZE"]

1. e4 e5 2. Nf3 Nc6 3. Bb5 a6 4. Bxc6 dxc6 5. O-O Bg4 6. h3 h5 7. d3 Qf6 8. Nbd2
Ne7 9. Re1 Ng6 10. d4 Bd6 11. hxg4 hxg4 12. Nh2 Rxh2 13. Qxg4 Qh4 14. Qxh4 Rxh4 15.
Nf3 Rh5 16. Be3 O-O-O 17. g3 f6 18. Kg2 Rdh8 19. Rh1 Rxh1 20. Rxh1 Rxh1 21. Kxh1
exd4 22. Nxd4 Ne5 23. f4 Nc4 24. Bc1 Kd7 25. b3 Nb6 26. Nf5 Bf8 27. Kg2 Nc8 28. Kf3
Ke8 29. Nd4 g6 30. Ne6 Bd6 31. Bb2 Kd7 32. Ng7 Be7 33. f5 gxf5 34. exf5 Nd6 35. g4
Nf7 36. Nh5 Ng5+ 37. Ke3 Nh7 38. Ng3 Bd6 39. Ne4 Ke7 40. Kd3 Kf7 41. Ke2 Be7 42.
Bc1 Bd6 43. Bh6 Ke7 44. Kf3 Kf7 45. c4 Nf8 46. Bxf8 Bxf8 47. g5 fxg5 48. Nxg5+ Ke8
49. f6 b5 50. Ke4 a5 51. Kf5 Kd7 52. a4 bxa4 53. bxa4 Kd6 54. Nh7 Bh6 55. Kg6  1-0

[Event "Pilsen Open 2024 - A2 INGEM IM Round Robin"]
[Site "Parkhotel Plzen ****, Plzen"]
[Date "2024.02.22"]
[Round "7"]
[Board "3"]
[White "Plischki, Sebastian"]
[Black "Rasmussen, Casper"]
[Result "1/2-1/2"]
[WhiteElo "2329"]
[BlackElo "2239"]
[PlyCount "100"]
[EventDate "2024.02.17"]
[EventRounds "9"]
[EventCountry "CZE"]

1. d4 d5 2. c4 c6 3. cxd5 cxd5 4. Bf4 Nf6 5. Nc3 Nc6 6. e3 a6 7. Bd3 Bg4 8. Nge2
e6 9. Rc1 Bd6 10. f3 Bh5 11. O-O O-O 12. Na4 Re8 13. Bxd6 Qxd6 14. Qb3 b5 15. Nc5
Na5 16. Qc3 Nc4 17. Bxc4 dxc4 18. e4 e5 19. b4 cxb3 20. axb3 exd4 21. Nxd4 Qb6 22.
Kh1 a5 23. Nf5 Bg6 24. Nd7 Qe6 25. Nxf6+ gxf6 26. Ne3 Rec8 27. Qb2 Kg7 28. Rxc8 Rxc8
29. Nd5 Qe5 30. Qd2 a4 31. bxa4 bxa4 32. Qb4 Ra8 33. Qb7 Ra5 34. Qb6 Ra8 35. f4 Qe6
36. f5 Qxb6 37. Nxb6 Ra6 38. Nd5 Bh5 39. g4 Bxg4 40. Rg1 h5 41. h3 a3 42. hxg4 hxg4
43. Rxg4+ Kh6 44. Rg1 a2 45. Ra1 Ra4 46. Nc3 Rc4 47. Nxa2 Rxe4 48. Nc3 Re5 49. Rf1
Kg5 50. Kg2 Rxf5  1/2-1/2

[Event "Pilsen Open 2024 - A2 INGEM IM Round Robin"]
[Site "Parkhotel Plzen ****, Plzen"]
[Date "2024.02.22"]
[Round "7"]
[Board "4"]
[White "Pribyl, Josef"]
[Black "Meers, Hubert"]
[Result "1/2-1/2"]
[WhiteElo "2221"]
[BlackElo "2270"]
[PlyCount "64"]
[EventDate "2024.02.17"]
[EventRounds "9"]
[EventCountry "CZE"]

1. Nf3 f5 2. d4 Nf6 3. g3 g6 4. c4 Bg7 5. Nc3 O-O 6. Bg2 d6 7. O-O Qe8 8. b3 e5 9.
dxe5 dxe5 10. Ba3 Rf7 11. e4 Nc6 12. Re1 f4 13. Nd5 Bg4 14. h3 Bxf3 15. Bxf3 Nd4
16. Bg2 fxg3 17. fxg3 Nh5 18. g4 Nf4 19. Bb2 Nxg2 20. Kxg2 c6 21. Bxd4 exd4 22. Nb4
d3 23. e5 Rd8 24. Nxd3 c5 25. Qe2 Qc6+ 26. Kg3 Rfd7 27. Rad1 Rxd3+ 28. Rxd3 Bxe5+
29. Kf2 Bd4+ 30. Kg3 Be5+ 31. Kf2 Bd4+ 32. Kg3 Be5+  1/2-1/2

[Event "Pilsen Open 2024 - A2 INGEM IM Round Robin"]
[Site "Parkhotel Plzen ****, Plzen"]
[Date "2024.02.22"]
[Round "7"]
[Board "5"]
[White "Van der Hagen, Loek"]
[Black "Pujari, Rucha"]
[Result "1/2-1/2"]
[WhiteElo "2382"]
[BlackElo "2071"]
[PlyCount "48"]
[EventDate "2024.02.17"]
[EventRounds "9"]
[EventCountry "CZE"]

1. e4 e5 2. Nf3 Nc6 3. Bc4 Nf6 4. d3 Be7 5. Nc3 d6 6. h3 O-O 7. a3 Be6 8. Nd5 h6
9. Be3 Re8 10. O-O Bf8 11. Bb3 Nb8 12. c4 c6 13. Nc3 d5 14. cxd5 cxd5 15. d4 Nxe4
16. Nxe4 dxe4 17. Nxe5 Nd7 18. d5 Bf5 19. Nxd7 Bxd7 20. Rc1 Bd6 21. Bc5 Bf4 22. Be3
Bd6 23. Bc5 Bf4 24. Be3 Bd6  1/2-1/2

[Event "Pilsen Open 2024 - A2 INGEM IM Round Robin"]
[Site "Parkhotel Plzen ****, Plzen"]
[Date "2024.02.23"]
[Round "8"]
[Board "1"]
[White "Stinka, Jakub"]
[Black "Pujari, Rucha"]
[Result "1-0"]
[WhiteElo "2333"]
[BlackElo "2071"]
[PlyCount "53"]
[EventDate "2024.02.17"]
[EventRounds "9"]
[EventCountry "CZE"]

1. d4 d5 2. c4 e6 3. Nc3 Nf6 4. cxd5 exd5 5. Bg5 c6 6. e3 Bd6 7. Bd3 O-O 8. Nf3 Re8
9. O-O h6 10. Bh4 Be6 11. Ne5 c5 12. Bb5 Rf8 13. f4 cxd4 14. exd4 Be7 15. Qd3 Nfd7
16. Bxe7 Qxe7 17. Rae1 Nxe5 18. Rxe5 Qb4 19. f5 Bd7 20. Rxd5 Bc6 21. f6 g6 22. Bc4
Kh7 23. Rh5 Qxb2 24. Rxh6+ Kxh6 25. Qh3+ Kg5 26. Qg3+ Kh5 27. Be2+  1-0

[Event "Pilsen Open 2024 - A2 INGEM IM Round Robin"]
[Site "Parkhotel Plzen ****, Plzen"]
[Date "2024.02.23"]
[Round "8"]
[Board "2"]
[White "Meers, Hubert"]
[Black "Van der Hagen, Loek"]
[Result "1-0"]
[WhiteElo "2270"]
[BlackElo "2382"]
[PlyCount "95"]
[EventDate "2024.02.17"]
[EventRounds "9"]
[EventCountry "CZE"]

1. d4 Nf6 2. Bg5 c5 3. d5 Ne4 4. Bf4 Qb6 5. Bc1 g6 6. f3 Qa5+ 7. c3 Nf6 8. e4 d6
9. Na3 Qd8 10. f4 Bg7 11. Bb5+ Bd7 12. e5 Ng8 13. Qe2 Bxb5 14. Qxb5+ Qd7 15. Nf3
Nh6 16. exd6 exd6 17. Nc4 Kd8 18. Qxd7+ Kxd7 19. Ne3 Re8 20. O-O Ng8 21. f5 Bh6 22.
fxg6 hxg6 23. Nh4 Bxe3+ 24. Bxe3 Rxe3 25. Rxf7+ Ne7 26. Nxg6 Na6 27. Kf2 Rg8 28.
Kxe3 Rxg6 29. Re1 Ke8 30. Rh7 Kd8 31. g4 Nxd5+ 32. Kf3 Nac7 33. h4 Nf6 34. Rh8+ Kd7
35. g5 Nfd5 36. Rh7+ Kc6 37. c4 Nb6 38. Ree7 Ne6 39. Kg4 Nxc4 40. Kf5 Nf8 41. Rh8
d5 42. Rxf8 Rd6 43. g6 d4 44. g7 d3 45. g8=Q d2 46. Qxc4 d1=Q 47. Rc8+ Kb6 48. Qb3+
 1-0

[Event "Pilsen Open 2024 - A2 INGEM IM Round Robin"]
[Site "Parkhotel Plzen ****, Plzen"]
[Date "2024.02.23"]
[Round "8"]
[Board "3"]
[White "Rasmussen, Casper"]
[Black "Pribyl, Josef"]
[Result "1-0"]
[WhiteElo "2239"]
[BlackElo "2221"]
[PlyCount "78"]
[EventDate "2024.02.17"]
[EventRounds "9"]
[EventCountry "CZE"]

1. d4 Nf6 2. Nf3 g6 3. c4 Bg7 4. g3 d5 5. cxd5 Nxd5 6. Bg2 O-O 7. O-O Nb6 8. Nc3
Nc6 9. e3 Re8 10. h3 e5 11. d5 Na5 12. Qc2 c6 13. b4 Nac4 14. dxc6 bxc6 15. Rd1 Qe7
16. Ne4 f5 17. Nc5 Nd6 18. Qb3+ Nf7 19. Bb2 Rb8 20. Ne1 Nd7 21. Ned3 Nxc5 22. Nxc5
a5 23. Bxc6 Rxb4 24. Qc2 Rd8 25. Ba3 Rd6 26. Bd5 Rb8 27. Na6 Rxd5 28. Bxe7 Rxd1+
29. Rxd1 Bxa6 30. Qc7 Rc8 31. Qa7 Be2 32. Rb1 Bf8 33. Bxf8 Rxf8 34. Rb8 Ng5 35. Rxf8+
Kxf8 36. Qxa5 Nf3+ 37. Kh1 Kg7 38. Qc3 g5 39. Qb2 Bd3  1-0

[Event "Pilsen Open 2024 - A2 INGEM IM Round Robin"]
[Site "Parkhotel Plzen ****, Plzen"]
[Date "2024.02.23"]
[Round "8"]
[Board "4"]
[White "Imnadze, Nato"]
[Black "Plischki, Sebastian"]
[Result "0-1"]
[WhiteElo "2228"]
[BlackElo "2329"]
[PlyCount "114"]
[EventDate "2024.02.17"]
[EventRounds "9"]
[EventCountry "CZE"]

1. d4 Nf6 2. Bf4 e6 3. Nf3 c5 4. e3 cxd4 5. exd4 Be7 6. Bd3 b6 7. Nbd2 Ba6 8. Nc4
O-O 9. O-O d6 10. Qe2 Qc7 11. c3 Nbd7 12. Rfe1 Rfc8 13. b3 Nf8 14. Rac1 Ng6 15. Bd2
Bb7 16. Ng5 b5 17. Na3 a6 18. c4 Qd8 19. g3 Nf8 20. h4 h6 21. Nf3 bxc4 22. bxc4 N8d7
23. Rb1 Rab8 24. d5 e5 25. Bf5 Bf8 26. h5 Nxh5 27. Kg2 g6 28. Rh1 Nhf6 29. Bxd7 Qxd7
30. Bxh6 Bxh6 31. Rxh6 Kg7 32. Rbh1 Rh8 33. Qd2 Ng4 34. R6h4 Rxh4 35. Nxh4 Rh8 36.
f3 Nf6 37. Nc2 Bc8 38. Ne3 Rh7 39. Nef5+ Kh8 40. Qg5 Ng8 41. Nxg6+ fxg6 42. Rxh7+
Qxh7 43. Nxd6 Qh3+ 44. Kg1 Bf5 45. c5 Bd3 46. Qxe5+ Kh7 47. Qe1 Qh5 48. Qd2 Qxf3
49. Qg5 Qf1+ 50. Kh2 Qf2+ 51. Kh1 Qxc5 52. Qh4+ Kg7 53. Ne8+ Kf8 54. Nf6 Qc1+ 55.
Kh2 Qb2+ 56. Kg1 Nxf6 57. d6 Qb1+  0-1

[Event "Pilsen Open 2024 - A2 INGEM IM Round Robin"]
[Site "Parkhotel Plzen ****, Plzen"]
[Date "2024.02.24"]
[Round "9"]
[Board "2"]
[White "Plischki, Sebastian"]
[Black "Babula, Milan"]
[Result "1-0"]
[WhiteElo "2329"]
[BlackElo "2103"]
[PlyCount "97"]
[EventDate "2024.02.17"]
[EventRounds "9"]
[EventCountry "CZE"]

1. d4 Nf6 2. c4 g6 3. Nc3 Bg7 4. Nf3 d6 5. g3 O-O 6. Bg2 Nbd7 7. O-O a6 8. e4 e5
9. Qc2 Rb8 10. Rd1 Qe7 11. h3 h6 12. Be3 b5 13. dxe5 dxe5 14. Nd5 Nxd5 15. cxd5 Rb7
16. Rac1 Rd8 17. Nd2 Nb6 18. Bf1 Bd7 19. Nb3 Nc4 20. Bxc4 bxc4 21. Nc5 Rb5 22. Nxd7
Qxd7 23. Kg2 Rb4 24. a3 Ra4 25. d6 cxd6 26. Rxd6 Qxd6 27. Qxa4 Rc8 28. Rxc4 Rb8 29.
Qc2 Qd7 30. b4 Qb7 31. Rc7 Qb5 32. Qb3 Qe8 33. Qc4 Ra8 34. a4 Bf8 35. b5 axb5 36.
axb5 Kg7 37. b6 Bd6 38. Ra7 Rd8 39. h4 Bb8 40. Rb7 Rd6 41. Qc1 h5 42. Qc4 Re6 43.
Qd5 Re7 44. Rxe7 Qxe7 45. Bc5 Qe6 46. Qd8 Qc4 47. Qf8+ Kh7 48. Qxb8 Qxc5 49. Qc7
 1-0

[Event "Pilsen Open 2024 - A2 INGEM IM Round Robin"]
[Site "Parkhotel Plzen ****, Plzen"]
[Date "2024.02.24"]
[Round "9"]
[Board "3"]
[White "Pribyl, Josef"]
[Black "Imnadze, Nato"]
[Result "1/2-1/2"]
[WhiteElo "2221"]
[BlackElo "2228"]
[PlyCount "25"]
[EventDate "2024.02.17"]
[EventRounds "9"]
[EventCountry "CZE"]

1. c4 e6 2. Nf3 Nf6 3. g3 d5 4. b3 b6 5. Bg2 Bb7 6. Bb2 Be7 7. O-O c5 8. e3 O-O 9.
Nc3 Nbd7 10. Qe2 Rc8 11. Rfd1 Qc7 12. Rac1 Rfd8 13. d3  1/2-1/2

[Event "Pilsen Open 2024 - A2 INGEM IM Round Robin"]
[Site "Parkhotel Plzen ****, Plzen"]
[Date "2024.02.24"]
[Round "9"]
[Board "4"]
[White "Van der Hagen, Loek"]
[Black "Rasmussen, Casper"]
[Result "1/2-1/2"]
[WhiteElo "2382"]
[BlackElo "2239"]
[PlyCount "43"]
[EventDate "2024.02.17"]
[EventRounds "9"]
[EventCountry "CZE"]

1. d4 d5 2. c4 c6 3. cxd5 cxd5 4. Nf3 Nf6 5. Nc3 Nc6 6. Bf4 a6 7. Rc1 Bf5 8. e3 e6
9. Qb3 Bb4 10. Ne5 Bxc3+ 11. bxc3 O-O 12. Qxb7 Nxe5 13. Bxe5 Ne4 14. f3 Qh4+ 15.
g3 Qh5 16. Be2 Ng5 17. O-O Be4 18. Kg2 Qh3+ 19. Kg1 Qh5 20. Kg2 Qh3+ 21. Kg1 Qh5
22. Kg2  1/2-1/2

[Event "Pilsen Open 2024 - A2 INGEM IM Round Robin"]
[Site "Parkhotel Plzen ****, Plzen"]
[Date "2024.02.24"]
[Round "9"]
[Board "5"]
[White "Pujari, Rucha"]
[Black "Meers, Hubert"]
[Result "1-0"]
[WhiteElo "2071"]
[BlackElo "2270"]
[PlyCount "77"]
[EventDate "2024.02.17"]
[EventRounds "9"]
[EventCountry "CZE"]

1. d4 Nf6 2. c4 e6 3. Nf3 d5 4. Nc3 Bb4 5. Qa4+ Nc6 6. a3 Bxc3+ 7. bxc3 O-O 8. Bg5
h6 9. Bh4 g5 10. Bg3 Ne4 11. Qc2 e5 12. Bxe5 Bf5 13. Qb2 Na5 14. e3 dxc4 15. Rd1
c6 16. Be2 f6 17. Bg3 h5 18. h4 Nxg3 19. fxg3 Qe7 20. O-O g4 21. Nd2 Qxe3+ 22. Rf2
Bd3 23. Nf1 Qe4 24. Bxd3 cxd3 25. Rf4 Qg6 26. Qb4 b6 27. Ne3 Qe8 28. Rxd3 Rd8 29.
Qb1 Qe6 30. Kh2 Nc4 31. d5 Nxa3 32. Qa2 cxd5 33. Qxa3 a5 34. Qa2 Kh8 35. Rf5 Qe4
36. Rxh5+ Kg7 37. Qd2 Kg6 38. Rhxd5 Rde8 39. R5d4  1-0

[Event "Pilsen Open 2024 - A INGEM IM Round Robin"]
[Site "Parkhotel Plzen ****, Plzen"]
[Date "2024.02.17"]
[Round "1"]
[Board "1"]
[White "Delgerdalai, Bayarjavkhlan"]
[Black "Gorkiewicz, Mateusz"]
[Result "1-0"]
[WhiteElo "2269"]
[BlackElo "2184"]
[PlyCount "93"]
[EventDate "2024.02.17"]
[EventRounds "9"]
[EventCountry "CZE"]

1. e4 e5 2. Nf3 Nc6 3. Bb5 a6 4. Ba4 Nf6 5. O-O Nxe4 6. d4 b5 7. Bb3 d5 8. dxe5 Be6
9. Nbd2 Nc5 10. c3 d4 11. Bxe6 Nxe6 12. cxd4 Ncxd4 13. Ne4 Be7 14. Be3 Nf5 15. Qc2
O-O 16. Nf6+ Bxf6 17. Qxf5 Be7 18. Rfd1 Qc8 19. Qe4 Rd8 20. g4 c5 21. b3 Ra7 22.
Rxd8+ Qxd8 23. Kg2 Qc8 24. a4 Rb7 25. h3 c4 26. axb5 axb5 27. bxc4 bxc4 28. Nd2 c3
29. Nc4 Rb8 30. Rc1 Rb3 31. Nb6 Qb8 32. Ra1 Bf8 33. Ra8 Qc7 34. Nd5 Qd7 35. Ra7 Qb5
36. Qf3 Nd8 37. Rc7 h6 38. Qe4 Qa5 39. Qc4 Rb5 40. Ra7 Rc5 41. Bxc5 Qxc5 42. Qxc5
Bxc5 43. Ra4 Ne6 44. f4 Bd4 45. Rc4 c2 46. Rxc2 g5 47. f5  1-0

[Event "Pilsen Open 2024 - A INGEM IM Round Robin"]
[Site "Parkhotel Plzen ****, Plzen"]
[Date "2024.02.17"]
[Round "1"]
[Board "2"]
[White "Folk, Petr"]
[Black "Petr, Martin"]
[Result "0-1"]
[WhiteElo "2073"]
[BlackElo "2469"]
[PlyCount "58"]
[EventDate "2024.02.17"]
[EventRounds "9"]
[EventCountry "CZE"]

1. e4 e6 2. d4 d5 3. Nd2 c5 4. Ngf3 cxd4 5. Nxd4 Nc6 6. Bb5 Bd7 7. Nxc6 bxc6 8. Bd3
Bd6 9. O-O Qc7 10. h3 Ne7 11. Nf3 e5 12. Nh4 O-O 13. g4 Rad8 14. Nf5 Be6 15. Qf3
f6 16. Bd2 g6 17. Nxd6 Qxd6 18. Bh6 Rf7 19. Qg3 Qb4 20. b3 g5 21. a3 Qd4 22. Rad1
dxe4 23. Bc4 Qxd1 24. Bxe6 Qd6 25. Bxf7+ Kxf7 26. h4 Rg8 27. Qe3 gxh4 28. Qxe4 f5
29. Qc4+ Nd5  0-1